লোডিং...

Biographia literaria /

গ্রন্থ-পঞ্জীর বিবরন
প্রধান লেখক: Coleridge, Samuel Taylor
অন্যান্য লেখক: Sheppard C. A. (Editor)
বিন্যাস: Printed Book
ভাষা:English
প্রকাশিত: Madras : Macmillan, 1978.
বিষয়গুলি:
LEADER 00525nam a2200157Ia 4500
008 150623b xxu||||| |||| 00| e eng d
082 |a 824.6C1 
100 |a Coleridge, Samuel Taylor 
245 |a Biographia literaria /  |c Samuel Taylor Coleridge 
260 |a Madras :  |b Macmillan,  |c 1978. 
300 |a 106 p. 
650 |v Essays 
700 |a Sheppard C. A.  |e editor. 
942 |c BK 
999 |c 32975  |d 32975 
952 |0 1  |1 0  |4 0  |6 824_000000000000000_6C1_BIO  |7 0  |9 32974  |a UL  |b UL  |c ST1  |d 1998-09-24  |l 0  |o 824.6C1 BIO  |p 45153  |r 2012-10-27  |w 2012-10-27  |y BK